000 00633cam a22002053a 4500
001 40851
003 PGUSA
005 20140828083919.0
008 120923s2012||||xxu|||||s|||||000 | eng d
040 _aPGUSA
_beng
042 _adc
100 1 _aBenton, Thomas Hart,
_d1782-1858
245 1 0 _aAbridgment of the Debates of Congress, from 1789 to 1856, Vol. II (of 16)
_h[electronic resource] /
_cThomas Hart Benton
260 _bProject Gutenberg,
_c2012
506 _aPublic domain in the USA.
516 _aElectronic text
830 0 _aProject Gutenberg
_v40851
856 4 0 _uhttp://www.gutenberg.org/ebooks/40851
942 _cEB
999 _c270103
_d270103